01425nam a2200265Ia 450000500170000000800410001702000180005805000220007610000200009824501010011826000370021930000160025633700100027233800140028233900120029650001210030850502670042965000910069670000390078794200070082695200990083395200990093295201110103199900170114220231102151425.0121028s9999 xx 000 0 und d a968-880-016-3 aTK7888.3 M67 198210aMORRIS Mano, M. aLógica digital y diseño de computadores c/ M. Morris Mano ; trad. Jaime Alberto Valbuena Z. aMéxicob : Prentice-Hallc1982 a636 paginas atexto asin medio avolumen aTraducido de la primera edición en inglés de DIGITAL LOGIC AND COPUTER DESIGN Incluye índices y bibliografía a1. Sistemas binarios 2. Álgebra de Boole y compuertas lógicas 3. Simplificación de funciones de Boole 4. Lógica combinacional 5. Lógica combinacional con MSI y LSI 6. Lógica secuencial 7. Registros contadores y unidad de memoria 8. Lógica de transf aComputación \ 2. Sistemas digitales \ 3. Diseño lógico \ 4. Circuitos integrados aValbuena Z., Jaime Alberto, tr.Ì cLB 00104070a14b14d2009-01-15l0oTK7888.3 M67 1982p14 000174r2012-10-28t1w2012-10-28yLB 00104070a14b14d2009-01-15l0oTK7888.3 M67 1982p14 001068r2012-10-28t2w2012-10-28yLB 00104070a14b14d2009-01-15l1oTK7888.3 M67 1982p14 001069r2014-01-27s2014-01-27t3w2012-10-28yLB c84718d84718